000
00335nam a2200157Ia 4500
100
_a
Lalonde/ Wilf/ Pugh/ John
250
_a
I
942
_c
BK
654
_a
Inside small talk
245
_a
Inside Smalll Talk
260
_b
Prentice Hall
_c
1990
082
_a
5.43
_b
LAL/PUG
300
_a
512
546
_a
ENGLISH
999
_c
32678
_d
32678